[Event "DSOL 2022"]
[Site "Germany"]
[Date "2022.03.11"]
[Round "4.4"]
[White "Farokhi, Darian"]
[Black "Schoeneberg, Manfred"]
[Result "0-1"]
[WhiteElo "1705"]
[BlackElo "1659"]
[Annotator "NA RC"]
[PlyCount "72"]
[EventDate "2022.01.31"]
[EventType "team-tourn"]
[EventCountry "GER"]
[SourceTitle "playchess.com"]
[Source "ChessBase"]
[SourceQuality "1"]
[WhiteTeam "Doppelbauer Kiel I"]
[BlackTeam "TSG Taucha I"]
[TimeControl "2700+15"]

1. e4 c5 2. Nf3 e6 3. d4 cxd4 4. Nxd4 a6 5. a4 Nf6 6. Nc3 Qc7 7. Bd3 Nc6 8. Be3 Nxd4 9. Bxd4 Bd6 10. Qe2 Be5 11. Bxe5 Qxe5 12. O-O d6 13. f4 Qc5+ 14. Qf2 Qxf2+ 15. Rxf2 Bd7 16. Raf1 Bc6 17. e5 Ng4 18. Re2 dxe5 19. fxe5 h5 20. h3 Nh6 21. Rd2 O-O-O 22. b4 Kb8 23. b5 axb5 24. axb5 Bd5 25. Nxd5 Rxd5 26. Rfd1 Rhd8 27. Kf2 b6 28. Re2 Rxb5 29. c4 Rb3 30. Re3 Rb2+ 31. Kf1 Nf5 32. Rf3 h4 33. Rf2 Ne3+ 34. Ke1 Nxd1 35. Rf3 Rb3 36. Kd2 Nb2 0-1

[Event "DSOL 2022"]
[Site "Germany"]
[Date "2022.03.11"]
[Round "4.4"]
[White "Schwedek, Tony"]
[Black "Erler, Rainer"]
[Result "1-0"]
[WhiteElo "1652"]
[BlackElo "2054"]
[Annotator "ChessBase"]
[PlyCount "109"]
[EventDate "2022.01.31"]
[EventType "team-tourn"]
[EventCountry "GER"]
[SourceTitle "playchess.com"]
[Source "ChessBase"]
[SourceQuality "1"]
[WhiteTeam "SC Zitadelle Spandau"]
[BlackTeam "SK Dessau I"]
[TimeControl "2700+15"]

1. e4 e5 2. Nf3 Nc6 3. d4 exd4 4. Nxd4 Nf6 5. Nxc6 bxc6 6. e5 Qe7 7. Qe2 Nd5 8. c4 Ba6 9. Nd2 g6 10. Qe4 f5 11. exf6 Nxf6 12. Qxe7+ Bxe7 13. b3 O-O 14. Bb2 Bc5 15. f3 Rae8+ 16. Kd1 d5 17. Rc1 Bd6 18. g3 Bc8 19. Bd3 Nd7 20. cxd5 cxd5 21. Bb5 Re7 22. Bc6 Nb6 23. Re1 Rxe1+ 24. Kxe1 Bb4 25. f4 Rf7 26. Kd1 Bg4+ 27. Kc2 Bf5+ 28. Kd1 Re7 29. Bb5 Bg4+ 30. Kc2 Be2 31. Bd3 Re3 32. Bxe2 Rxe2 33. Bc3 Ba3 34. Rh1 c5 35. Kd3 Rg2 36. Be5 Bb4 37. Bc3 Bxc3 38. Kxc3 Kf7 39. a4 a5 40. Nf3 d4+ 41. Kd3 Rb2 42. Nd2 Nd5 43. Nc4 Rxb3+ 44. Ke4 Nc3+ 45. Ke5 Nxa4 46. Nxa5 Re3+ 47. Kd5 d3 48. Nc4 Re2 49. Ne5+ Rxe5+ 50. fxe5 d2 51. Kd6 Nc3 52. Kd7 d1=Q+ 53. Rxd1 Nxd1 54. e6+ Kg7 55. e7 1-0

[Event "DSOL 2022"]
[Site "Germany"]
[Date "2022.03.11"]
[Round "4.4"]
[White "Hasic, Mirza"]
[Black "Van Hasselt, Frank"]
[Result "0-1"]
[WhiteElo "1620"]
[BlackElo "1612"]
[Annotator "NA"]
[PlyCount "118"]
[EventDate "2022.01.31"]
[EventType "team-tourn"]
[EventCountry "GER"]
[SourceTitle "playchess.com"]
[Source "ChessBase"]
[SourceQuality "1"]
[WhiteTeam "SK Zehlendorf II"]
[BlackTeam "SF Berlin I"]
[TimeControl "2700+15"]

1. d4 d5 2. c4 e6 3. Nc3 Nf6 4. cxd5 exd5 5. Bg5 c6 6. Qc2 Be7 7. e3 Nbd7 8. Bd3 h6 9. Bh4 Nh5 10. Bxe7 Qxe7 11. Nge2 Nb6 12. a3 a5 13. b3 Bd7 14. Bf5 Bxf5 15. Qxf5 Nf6 16. O-O O-O 17. Nf4 a4 18. b4 Nc4 19. Rfe1 Rfe8 20. Qc2 b5 21. Nd3 Qe6 22. Nf4 Qg4 23. Qd1 Qf5 24. Nce2 Ne4 25. Ng3 Nxg3 26. hxg3 Re4 27. Nd3 Rae8 28. Nc5 R4e7 29. Qf3 Qxf3 30. gxf3 f5 31. Kg2 g5 32. Nd3 Kg7 33. Rec1 Re6 34. Nc5 Rf6 35. Nd3 Kf7 36. Ra2 Ke6 37. Rh1 Kd6 38. Rc1 Rg8 39. f4 h5 40. Rh1 Rh6 41. fxg5 Rxg5 42. Rh4 Rg4 43. Rh3 h4 44. Nf4 Rh8 45. Kf3 Kd7 46. Ng2 Ke6 47. Rxh4 Rgxh4 48. Nxh4 Kf6 49. Ng2 Rh1 50. Nf4 Rb1 51. Nd3 Rb3 52. Ne5 Rxa3 53. Rxa3 Nxa3 54. Nxc6 Nc2 55. Na5 Nxb4 56. Ke2 a3 57. Kd2 Kg5 58. f3 Nc6 59. Kd3 Nxa5 0-1

[Event "DSOL 2022"]
[Site "Germany"]
[Date "2022.03.11"]
[Round "4.4"]
[White "Knott, Karl-Heinz"]
[Black "Koellner, Ruben Gideon"]
[Result "0-1"]
[WhiteElo "1620"]
[BlackElo "1707"]
[Annotator "NA"]
[PlyCount "100"]
[EventDate "2022.01.31"]
[EventType "team-tourn"]
[EventCountry "GER"]
[SourceTitle "playchess.com"]
[Source "ChessBase"]
[SourceQuality "1"]
[WhiteTeam "SF Essen-Katernberg"]
[BlackTeam "Deizisau I"]
[TimeControl "2700+15"]

1. e4 d6 2. d4 Nf6 3. Nc3 e5 4. dxe5 dxe5 5. Qxd8+ Kxd8 6. Bg5 Be6 7. O-O-O+ Nbd7 8. Bb5 c6 9. Ba4 Kc7 10. f3 h6 11. Be3 Bc5 12. Bxc5 Nxc5 13. Bb3 Nxb3+ 14. axb3 b5 15. Nge2 a5 16. Kd2 a4 17. bxa4 b4 18. Nb1 Rxa4 19. Nc1 Ra1 20. Nb3 Ra2 21. Kc1 Nd7 22. N3d2 c5 23. b3 Nb6 24. h4 Rha8 25. Rhg1 Ra1 26. h5 R8a2 27. g4 f6 28. Rge1 c4 29. bxc4 Bxc4 30. Nb3 Bxb3 31. cxb3 Rf2 32. Rf1 Rg2 33. Rg1 Re2 34. Rge1 Rea2 35. Rd2 Rxb1+ 36. Kxb1 Rxd2 37. Rc1+ Kb7 38. Rf1 Nd7 39. Rc1 Kb6 40. Rc8 Nc5 41. Rg8 Nxb3 42. Rxg7 Kb5 43. Rg6 Kc4 44. Rxf6 Na5 45. Rf8 Kc3 46. Rc8+ Nc4 47. Kc1 Rd4 48. g5 b3 49. g6 b2+ 50. Kb1 Rd1+ 0-1

[Event "DSOL 2022"]
[Site "Germany"]
[Date "2022.03.11"]
[Round "4.4"]
[White "Retzlaff, Wolfgang"]
[Black "Marquardt, Max"]
[Result "0-1"]
[WhiteElo "1613"]
[BlackElo "1519"]
[Annotator "NA RC"]
[PlyCount "96"]
[EventDate "2022.01.31"]
[EventType "team-tourn"]
[EventCountry "GER"]
[SourceTitle "playchess.com"]
[Source "ChessBase"]
[SourceQuality "1"]
[WhiteTeam "Hamelner SV"]
[BlackTeam "SC Schleispringer Kappeln"]
[TimeControl "2700+15"]

1. c4 e5 2. Nc3 Nf6 3. g3 Bb4 4. Bg2 Bxc3 5. bxc3 O-O 6. e3 d6 7. Ne2 Be6 8. Bxb7 Nbd7 9. d3 Rb8 10. Bg2 Nc5 11. Ba3 e4 12. Bxc5 dxc5 13. d4 cxd4 14. exd4 Bxc4 15. O-O Re8 16. Re1 Qd7 17. Qd2 h6 18. Reb1 Bd3 19. Rb3 Qg4 20. Nc1 Bc4 21. Rbb1 Qe6 22. Nb3 e3 23. fxe3 Qxe3+ 24. Kh1 Bxb3 25. Qxe3 Rxe3 26. axb3 Rxc3 27. b4 Rc4 28. b5 Rxd4 29. Rxa7 Rc4 30. Bf1 Rc5 31. Rba1 Ng4 32. Be2 Ne3 33. Bd3 g6 34. Kg1 Rc3 35. Be2 Rc2 36. R1a2 Rc1+ 37. Kf2 Nd5 38. Ra1 Rc5 39. Ra8 Rxa8 40. Rxa8+ Kg7 41. Bd3 Nb4 42. Be2 Rf5+ 43. Ke3 Nd5+ 44. Kd4 Kf6 45. Ra6+ Kg7 46. Kc5 Nc3+ 47. Kc6 Nxe2 48. Kxc7 Rxb5 0-1

[Event "DSOL 2022"]
[Site "Germany"]
[Date "2022.03.11"]
[Round "4.4"]
[White "Bischoff, Anton"]
[Black "Brewig, Becky"]
[Result "1/2-1/2"]
[WhiteElo "1572"]
[BlackElo "1620"]
[Annotator "NA RC"]
[PlyCount "85"]
[EventDate "2022.01.31"]
[EventType "team-tourn"]
[EventCountry "GER"]
[SourceTitle "playchess.com"]
[Source "ChessBase"]
[SourceQuality "1"]
[WhiteTeam "Kieler SG II"]
[BlackTeam "Chemnitzer SC Aufbau"]
[TimeControl "2700+15"]

1. e4 c5 2. Nf3 Nc6 3. d4 cxd4 4. c3 dxc3 5. Nxc3 e6 6. Bc4 a6 7. O-O Bb4 8. Qe2 Nge7 9. Rd1 O-O 10. Bg5 b5 11. Bb3 Qc7 12. Rac1 Bb7 13. Nd5 Nxd5 14. exd5 exd5 15. Bc2 Rfe8 16. Qd3 g6 17. Bb3 Bf8 18. Qxd5 d6 19. Nd4 Nxd4 20. Rxc7 Bxd5 21. Bxd5 Ne6 22. Bxe6 Rxe6 23. h3 Bg7 24. b3 h6 25. Be3 Kf8 26. Rd7 Be5 27. Rc1 Re7 28. Bxh6+ Ke8 29. Rxe7+ Kxe7 30. g4 Ke6 31. Kf1 Rh8 32. Be3 Rxh3 33. Rc6 a5 34. Rb6 b4 35. Ra6 Rh1+ 36. Ke2 Ra1 37. Rxa5 f5 38. gxf5+ gxf5 39. Bd2 Bc3 40. Bf4 Be5 41. Bd2 Bc3 42. Bf4 Be5 43. Bd2 1/2-1/2

[Event "DSOL 2022"]
[Site "Germany"]
[Date "2022.03.18"]
[Round "5.1"]
[White "Lehmann, Holger"]
[Black "Dabo-Peranic, Robert"]
[Result "1/2-1/2"]
[WhiteElo "1930"]
[BlackElo "1930"]
[Annotator "ChessBase"]
[PlyCount "104"]
[EventDate "2022.01.31"]
[EventType "team-tourn"]
[EventCountry "GER"]
[SourceTitle "playchess.com"]
[Source "ChessBase"]
[SourceQuality "1"]
[WhiteTeam "SV Hellern I"]
[BlackTeam "SF Deizisau II"]
[TimeControl "2700+15"]

1. d4 d5 2. c4 e6 3. cxd5 exd5 4. Nc3 c5 5. Nf3 Nc6 6. dxc5 d4 7. Na4 Bxc5 8. Nxc5 Qa5+ 9. Bd2 Qxc5 10. Rc1 Qb6 11. e3 Nf6 12. Bc4 dxe3 13. Bxe3 Qb4+ 14. Kf1 Be6 15. Qe2 Bxc4 16. Rxc4 Qe7 17. Bc5 Qxe2+ 18. Kxe2 Rd8 19. Rhc1 Rd5 20. b4 a6 21. a4 Kd7 22. Be3 Re8 23. Ne1 Nd4+ 24. Kf1 Nc6 25. R1c3 Re4 26. Ke2 Nd4+ 27. Kf1 Nc6 28. h3 g6 29. Rc1 h5 30. Nf3 Rxc4 31. Rxc4 b5 32. axb5 axb5 33. Rf4 Ke6 34. h4 Nh7 35. g3 f5 36. Bc5 Nf6 37. Ng5+ Ke5 38. Rf3 Ne4 39. Nxe4 fxe4 40. Ra3 Rd1+ 41. Kg2 Rb1 42. Ra6 Nxb4 43. Rxg6 Nd3 44. Rg5+ Ke6 45. Rxh5 b4 46. Bd4 Ne1+ 47. Kh3 Nf3 48. Bh8 Rf1 49. Kg2 Rg1+ 50. Kh3 Rf1 51. Kg2 Rg1+ 52. Kh3 Rf1 1/2-1/2

[Event "DSOL 2022"]
[Site "Germany"]
[Date "2022.03.18"]
[Round "5.1"]
[White "Nguyen, Alex Dac-Vuong"]
[Black "Marcziter, Dmitrii"]
[Result "1/2-1/2"]
[WhiteElo "1869"]
[BlackElo "1869"]
[Annotator "NA"]
[PlyCount "61"]
[EventDate "2022.01.31"]
[EventType "team-tourn"]
[EventCountry "GER"]
[SourceTitle "playchess.com"]
[Source "ChessBase"]
[SourceQuality "1"]
[WhiteTeam "SG Leipzig"]
[BlackTeam "SG Porz I"]
[TimeControl "2700+15"]

1. e4 c5 2. Nf3 a6 3. c4 e6 4. d4 cxd4 5. Nxd4 Nf6 6. Nc3 Qc7 7. a3 b6 8. Be3 Bb7 9. f3 Nc6 10. b4 Ne5 11. Rc1 Ng6 12. Qd2 Be7 13. Be2 O-O 14. Na4 Rfb8 15. c5 bxc5 16. Nxc5 Qd8 17. Nxb7 Rxb7 18. O-O a5 19. bxa5 Rxa5 20. Rc8 Qxc8 21. Qxa5 Qb8 22. Rc1 Bd6 23. g3 h5 24. Qc3 Rc7 25. Qb3 Rb7 26. Qc3 Kh7 27. a4 Rc7 28. Qb3 Rb7 29. Qc3 Rc7 30. Qb3 Rb7 31. Qc3 1/2-1/2

[Event "DSOL 2022"]
[Site "Germany"]
[Date "2022.03.18"]
[Round "5.1"]
[White "Holtel, Jasper"]
[Black "Meyer, Armin"]
[Result "0-1"]
[WhiteElo "1812"]
[BlackElo "2022"]
[Annotator "ChessBase"]
[PlyCount "36"]
[EventDate "2022.01.31"]
[EventType "team-tourn"]
[EventCountry "GER"]
[SourceTitle "playchess.com"]
[Source "ChessBase"]
[SourceQuality "1"]
[WhiteTeam "Münster"]
[BlackTeam "Essen"]
[TimeControl "2700+15"]

1. b3 d5 2. Bb2 c6 3. e3 Nf6 4. Nf3 Bg4 5. Be2 Nbd7 6. c4 e6 7. O-O Bd6 8. d3 Qe7 9. a3 O-O 10. Nbd2 e5 11. e4 dxe4 12. dxe4 Nc5 13. Qc2 Ne6 14. h3 Nf4 15. Rfe1 Bxh3 16. gxh3 Nxh3+ 17. Kf1 Ng4 18. Ng1 Qh4 0-1

[Event "DSOL 2022"]
[Site "Germany"]
[Date "2022.03.18"]
[Round "5.1"]
[White "Urban, Konstantin"]
[Black "Siegismund, Annelen"]
[Result "1-0"]
[WhiteElo "1804"]
[BlackElo "1620"]
[Annotator "NA"]
[PlyCount "43"]
[EventDate "2022.01.31"]
[EventType "team-tourn"]
[EventCountry "GER"]
[SourceTitle "playchess.com"]
[Source "ChessBase"]
[SourceQuality "1"]
[WhiteTeam "SK Heidenau I"]
[BlackTeam "SF Heidesheim I"]
[TimeControl "2700+15"]

1. e4 c5 2. Nf3 e6 3. d4 cxd4 4. Nxd4 a6 5. Bd3 Bc5 6. Nb3 Be7 7. O-O Nc6 8. c4 Nf6 9. Nc3 O-O 10. f4 d6 11. Qe2 b6 12. Bd2 Bb7 13. Rf3 Nb4 14. Bb1 a5 15. Rh3 g6 16. e5 dxe5 17. fxe5 Nd7 18. Qe3 Re8 19. Qh6 Nf8 20. Be4 Qb8 21. Rf1 Bxe4 22. Nxe4 1-0

[Event "DSOL 2022"]
[Site "Germany"]
[Date "2022.03.18"]
[Round "5.1"]
[White "Krueger, Wolfgang"]
[Black "Vidonyak, Nellya"]
[Result "1/2-1/2"]
[WhiteElo "1734"]
[BlackElo "1564"]
[Annotator "NA"]
[PlyCount "83"]
[EventDate "2022.01.31"]
[EventType "team-tourn"]
[EventCountry "GER"]
[SourceTitle "playchess.com"]
[Source "ChessBase"]
[SourceQuality "1"]
[WhiteTeam "Segeberger SF"]
[BlackTeam "Bayern München II Amazonen"]
[TimeControl "2700+15"]

1. d4 Nf6 2. Nf3 d6 3. e3 c6 4. c4 Qc7 5. Nc3 e5 6. Qc2 Be7 7. Be2 O-O 8. O-O Bg4 9. Rd1 Nbd7 10. b3 Bh5 11. Bb2 Rfe8 12. Rac1 Bf8 13. b4 a6 14. a4 Bg6 15. Qb3 exd4 16. exd4 Rac8 17. Nh4 Bh5 18. Bxh5 Nxh5 19. Re1 Nf4 20. Ne4 d5 21. cxd5 Nxd5 22. Nc5 N7f6 23. Nf5 Qf4 24. Ne3 Qb8 25. Nxd5 Nxd5 26. Nd3 Qd6 27. b5 Qh6 28. bxc6 bxc6 29. Rxe8 Rxe8 30. Qc2 Re6 31. Rd1 Qg6 32. Qd2 Qh5 33. Re1 Rxe1+ 34. Qxe1 Qf5 35. Qd1 h6 36. g3 Nf6 37. Ne5 c5 38. Kg2 Qe4+ 39. Qf3 Qc2 40. Qb7 Qe4+ 41. Qxe4 Nxe4 42. Kf3 1/2-1/2

[Event "DSOL 2022"]
[Site "Germany"]
[Date "2022.03.18"]
[Round "5.1"]
[White "Loseries, Uwe"]
[Black "Farokhi, Keyvan"]
[Result "1/2-1/2"]
[WhiteElo "1720"]
[BlackElo "1676"]
[Annotator "NA"]
[PlyCount "131"]
[EventDate "2022.01.31"]
[EventType "team-tourn"]
[EventCountry "GER"]
[SourceTitle "playchess.com"]
[Source "ChessBase"]
[SourceQuality "1"]
[WhiteTeam "Kölner SK Dr Lasker III"]
[BlackTeam "SK Doppelbauer Kiel I"]
[TimeControl "2700+15"]

1. d4 Nf6 2. c4 e6 3. Nf3 d5 4. Bg5 dxc4 5. e4 b5 6. e5 h6 7. Bh4 g5 8. Nxg5 hxg5 9. Bxg5 Nbd7 10. exf6 Bb7 11. a4 a6 12. Be2 Bxg2 13. Rg1 Rxh2 14. Bf3 Bxf3 15. Qxf3 Nb6 16. axb5 Qxd4 17. Nc3 Nd5 18. Rd1 Qe5+ 19. Kf1 Bc5 20. Nxd5 Rxf2+ 21. Qxf2 Bxf2 22. Bf4 exd5 23. Bxe5 Bxg1 24. Kxg1 Kd7 25. Rxd5+ Ke6 26. Rc5 axb5 27. Rxb5 Rg8+ 28. Kf2 Rg5 29. Rc5 Rxe5 30. Rxc4 Kd6 31. b4 Rf5+ 32. Ke3 Rxf6 33. Rh4 Kc6 34. Rh5 Rd6 35. Rf5 f6 36. Ke4 Kd7 37. Rh5 Ke6 38. Rc5 Kd7 39. Kf5 Kc8 40. Rb5 c6 41. Rc5 Kb7 42. Ke4 Kb6 43. Rf5 Ka6 44. Ra5+ Kb7 45. Rc5 Kb6 46. Rf5 Re6+ 47. Kd4 Kc7 48. b5 cxb5 49. Rxb5 Kd7 50. Rb7+ Kc6 51. Rf7 Kd6 52. Kd3 Kd5 53. Rd7+ Ke5 54. Ke3 Ra6 55. Rd3 f5 56. Kf3 Ra2 57. Rb3 Rh2 58. Kg3 Ra2 59. Kf3 Kf6 60. Rb8 Ra3+ 61. Kf4 Ra4+ 62. Kf3 Ke7 63. Rb5 Ke6 64. Rb6+ Kf7 65. Rc6 Re4 66. Rb6 1/2-1/2

[Event "DSOL 2022"]
[Site "Germany"]
[Date "2022.03.18"]
[Round "5.1"]
[White "Otte, Burkhard"]
[Black "Bahr, Torsten"]
[Result "1-0"]
[WhiteElo "1585"]
[BlackElo "1798"]
[Annotator "NA"]
[PlyCount "153"]
[EventDate "2022.01.31"]
[EventType "team-tourn"]
[EventCountry "GER"]
[SourceTitle "playchess.com"]
[Source "ChessBase"]
[SourceQuality "1"]
[WhiteTeam "Höxter"]
[BlackTeam "Wittstock"]
[TimeControl "2700+15"]

1. c4 Nc6 2. Nc3 e5 3. g3 Nf6 4. Bg2 Be7 5. e4 d6 6. Nge2 O-O 7. d3 Ne8 8. O-O f5 9. f4 fxe4 10. dxe4 Bg4 11. h3 Bxe2 12. Nxe2 Bf6 13. Rb1 a5 14. Be3 Qe7 15. a3 Qf7 16. c5 dxc5 17. Bxc5 Rd8 18. Qc2 Nd6 19. b4 axb4 20. axb4 Nc4 21. b5 N6a5 22. fxe5 Nxe5 23. Bxf8 Rxf8 24. Nf4 Nac4 25. Qe2 Qe7 26. Nd5 Qc5+ 27. Kh2 c6 28. bxc6 bxc6 29. Nxf6+ gxf6 30. Qf2 Ne3 31. Qf4 Nxf1+ 32. Rxf1 Qc2 33. Rc1 Qe2 34. Ra1 c5 35. Qf5 Qc4 36. Ra7 Rf7 37. Ra8+ Kg7 38. g4 Qd4 39. Ra6 Ng6 40. Ra8 Qe5+ 41. Qxe5 Nxe5 42. Rc8 c4 43. Kg3 Rd7 44. Bf1 Rd4 45. Kf4 Rd1 46. Bxc4 Rc1 47. Rg8+ Kh6 48. Be6 Rc3 49. g5+ Kh5 50. Bg4+ Kh4 51. gxf6 Ng6+ 52. Kf5 Rc5+ 53. Ke6 Re5+ 54. Kf7 Rxe4 55. Rxg6 hxg6 56. Kxg6 Rb4 57. Kg7 Rb7+ 58. f7 Kg5 59. Kg8 Rxf7 60. Kxf7 Kh6 61. Kg8 Kg6 62. Bd7 Kh6 63. Be8 Kg5 64. Kg7 Kh4 65. Bd7 Kg5 66. Kh7 Kh5 67. Bg4+ Kg5 68. Kg7 Kh4 69. Kh6 Kg3 70. Kg5 Kf2 71. h4 Ke3 72. h5 Kd4 73. h6 Ke5 74. h7 Kd6 75. h8=Q Ke7 76. Qf6+ Ke8 77. Qg7 1-0

[Event "DSOL 2022"]
[Site "Germany"]
[Date "2022.03.18"]
[Round "5.1"]
[White "Matthey, Harald"]
[Black "Keller, Peter"]
[Result "0-1"]
[WhiteElo "1531"]
[BlackElo "1703"]
[Annotator "NA"]
[PlyCount "92"]
[EventDate "2022.01.31"]
[EventType "team-tourn"]
[EventCountry "GER"]
[SourceTitle "playchess.com"]
[Source "ChessBase"]
[SourceQuality "1"]
[WhiteTeam "SK Dessau I"]
[BlackTeam "SK Bickenbach I"]
[TimeControl "2700+15"]

1. c4 e5 2. Nf3 e4 3. Nd4 Nf6 4. Nc3 Bc5 5. Nb3 Bb4 6. Qc2 O-O 7. Nxe4 Nxe4 8. Qxe4 Re8 9. Qc2 d5 10. cxd5 Qxd5 11. e3 Nc6 12. Qc4 Be6 13. Qxd5 Bxd5 14. f3 a5 15. Bb5 Rxe3+ 16. Kf2 Re6 17. Bxc6 Bxc6 18. d4 Rae8 19. Rd1 Re2+ 20. Kg3 Be1+ 21. Kh3 Bd7+ 22. g4 f5 23. Nc5 Bc8 24. Nd3 fxg4+ 25. fxg4 h5 26. Nxe1 Bxg4+ 27. Kg3 Rxe1 28. Rxe1 Rxe1 29. b3 c6 30. Bb2 Re2 31. Ba3 g5 32. Bc5 Be6 33. h4 gxh4+ 34. Kxh4 Bg4 35. Kg5 Kf7 36. a3 Ke6 37. b4 a4 38. Rb1 b5 39. Rf1 Kd5 40. Rf6 Re6 41. Rf8 Kc4 42. Rb8 Bf3 43. Kf4 Rf6+ 44. Ke5 Rh6 45. Rf8 Bd5 46. Rd8 h4 0-1

[Event "DSOL 2022"]
[Site "Germany"]
[Date "2022.03.18"]
[Round "5.1"]
[White "Malek, Daniel"]
[Black "Gypser, Andreas"]
[Result "0-1"]
[WhiteElo "1515"]
[BlackElo "1730"]
[Annotator "NA"]
[PlyCount "68"]
[EventDate "2022.01.31"]
[EventType "team-tourn"]
[EventCountry "GER"]
[SourceTitle "playchess.com"]
[Source "ChessBase"]
[SourceQuality "1"]
[WhiteTeam "Magdeburg"]
[BlackTeam "Ludwigshafen"]
[TimeControl "2700+15"]

1. e4 e5 2. Nf3 Nc6 3. Bc4 Bc5 4. c3 Nf6 5. d4 exd4 6. e5 d5 7. Bb5 Ne4 8. cxd4 Bb4+ 9. Nbd2 O-O 10. O-O f6 11. Bxc6 bxc6 12. exf6 Qxf6 13. Nxe4 dxe4 14. Ng5 Bd6 15. Nxe4 Bxh2+ 16. Kxh2 Qh4+ 17. Kg1 Qxe4 18. Be3 Be6 19. Re1 Bd5 20. f3 Qg6 21. Qb1 Rf5 22. Rf1 Re8 23. Qd3 Qe6 24. Rfe1 Bxf3 25. Bf2 Be4 26. Qb3 Qxb3 27. axb3 Rg5 28. g3 Rh5 29. Be3 Rh1+ 30. Kf2 Rh2+ 31. Kf1 Rf8+ 32. Bf4 Bd5 33. Kg1 Rg2+ 34. Kf1 Rxg3 0-1

[Event "DSOL 2022"]
[Site "Germany"]
[Date "2022.03.18"]
[Round "5.2"]
[White "Schramm, Christian"]
[Black "Schubert, Ralf"]
[Result "1-0"]
[WhiteElo "1912"]
[BlackElo "1560"]
[Annotator "TA"]
[PlyCount "95"]
[EventDate "2022.01.31"]
[EventType "team-tourn"]
[EventCountry "GER"]
[SourceTitle "playchess.com"]
[Source "ChessBase"]
[SourceQuality "1"]
[WhiteTeam "SK Bickenbach I"]
[BlackTeam "SK Dessau I"]

{[%evp 12,95,2,0,33,20,22,0,44,33,41,27,82,2,6,0,0,0,22,0,-4,-3,0,0,50,39,50,55,51,54,58,53,88,94,95,79,89,68,80,80,81,87,140,124,143,126,150,109,109,122,141,137,150,149,149,145,141,137,150,145,145,163,219,179,281,281,220,235,273,281,281,0,280,275,427,406,428,428,428,426,2431,2421,29986,29987,29988,29987]} 1. e4 {[%cal Be2e4,Be4e5][%mdl 32]} d6 2. d4 Nf6 3. Nc3 g6 4. Bg5 Bg7 5. e5 Nfd7 6. f4 O-O 7. Nf3 f6 {B07: Pirc Defence: Miscellaneous Systems.} 8. exf6 exf6 9. Bh4 {Active counter play!} Qe7+ (9... Nb6 $11) 10. Be2 $1 $14 Nb6 11. O-O {[#]} Be6 $146 {[#]} (11... Qe3+ $11 {keeps the balance.} 12. Bf2 Qxf4) ({Predecessor:} 11... d5 12. Re1 Qd6 13. Bd3 Bg4 14. f5 Nc6 15. Nb5 Qd7 16. fxg6 a6 17. gxh7+ Kh8 {½-½ (42) Meunier,C (2290)-Gong,P (2143) Khanty-Mansiysk 2016}) 12. Kh1 ({White should play} 12. d5 $1 $16 {[%cal Rd5e6]} Bg4 13. Re1) 12... Qf7 13. b3 Nc6 14. a4 {[%cal Of4f5,Ba2a4,Ba4a5,Ba5a6][%mdl 32]} Nb4 15. a5 (15. Qd2 {is more complex.} a5 16. Nb5 Rae8 17. Bg3 Bf5 18. Rac1) 15... N6d5 16. Nxd5 Nxd5 17. Qd2 {Inhibits Ne3.} Rae8 (17... Ne7 $11) 18. a6 b6 19. c4 Ne7 20. d5 Bc8 21. Bf2 h6 22. Nd4 {Black must now prevent Nb5.} f5 23. Nb5 Bxa1 24. Rxa1 Bd7 25. Nxa7 Kh7 26. Bd4 Ra8 {[#]} ({Better is} 26... Ng8) 27. Nb5 $1 $16 Bxb5 28. cxb5 Nc8 29. Rc1 ({White should try} 29. Bb2) 29... Na7 30. Qc2 {[%mdl 1024] White has strong compensation.} Rac8 31. Qc4 Rfe8 32. Bd3 {[%cal Og2g4] To avoid Re4} Re7 33. h3 Rce8 34. Kh2 h5 {To avoid g4} 35. Rf1 Re1 36. Rf3 R8e7 (36... R1e7 {was necessary.} 37. Bc3 Kh6) 37. Bf2 Ra1 (37... R1e4 $142 38. Bxe4 fxe4) 38. Bh4 $18 {Hoping for Qc3.} Re8 39. Qc3 Ra2 40. Bc4 Re4 41. Bd3 Re8 $1 42. b4 Qd7 (42... Qg7 {was called for.} 43. Bf6 Qf7) 43. Bc4 Ra4 44. Rf1 {Strongly threatening Qb3.} Re4 45. Qb3 {aiming for Rc1.} Rxc4 (45... Qg7 $142 46. Qxa4 Rxc4) 46. Qxc4 Nxb5 47. Re1 Na3 48. Qc3 {Weighted Error Value: White=0.14 (very precise) /Black=0.42} 1-0

[Event "DSOL 2022"]
[Site "Germany"]
[Date "2022.03.18"]
[Round "5.2"]
[White "Ziegler, Alexander"]
[Black "Hobmeier, Luis"]
[Result "0-1"]
[WhiteElo "1851"]
[BlackElo "1659"]
[Annotator "NA"]
[PlyCount "60"]
[EventDate "2022.01.31"]
[EventType "team-tourn"]
[EventCountry "GER"]
[SourceTitle "playchess.com"]
[Source "ChessBase"]
[SourceQuality "1"]
[WhiteTeam "Spraitbach"]
[BlackTeam "Moosburg"]
[TimeControl "2700+15"]

1. e4 e5 2. Nf3 Nc6 3. Bb5 a6 4. Ba4 Nf6 5. d4 Nxe4 6. O-O Be7 7. d5 Nd4 8. Nxe5 Nb5 9. Qg4 Nbd6 10. c4 O-O 11. Bc2 f5 12. Qe2 Bf6 13. f4 b5 14. Nd2 Nxd2 15. Bxd2 Nxc4 16. Nxc4 bxc4 17. Qxc4 d6 18. Bc3 Bd7 19. a4 Kh8 20. Rae1 c5 21. Re2 Rb8 22. Qxa6 Bc8 23. Qd3 Ra8 24. Bb3 Qb6 25. Bxf6 c4+ 26. Qd4 Qxd4+ 27. Bxd4 cxb3 28. Re7 Rg8 29. Rc1 Rxa4 30. Rcc7 Rxd4 0-1

[Event "DSOL 2022"]
[Site "Germany"]
[Date "2022.03.18"]
[Round "5.2"]
[White "Dette, Jan"]
[Black "Baumann, Stephan"]
[Result "0-1"]
[WhiteElo "1715"]
[BlackElo "1676"]
[Annotator "NA"]
[PlyCount "64"]
[EventDate "2022.01.31"]
[EventType "team-tourn"]
[EventCountry "GER"]
[SourceTitle "playchess.com"]
[Source "ChessBase"]
[SourceQuality "1"]
[WhiteTeam "Essen"]
[BlackTeam "Münster"]
[TimeControl "2700+15"]

1. e4 e5 2. Nf3 Nc6 3. Bc4 Nf6 4. d3 Be7 5. O-O O-O 6. Re1 d6 7. a4 Kh8 8. h3 Ng8 9. d4 f5 10. dxe5 fxe4 11. Rxe4 Rxf3 12. Qxf3 d5 13. Bxd5 Qxd5 14. Nc3 Qa5 15. Bd2 Be6 16. Qe2 Rd8 17. Rd1 Bf5 18. Nb1 Qb6 19. Rc4 Qxb2 20. Bf4 Nd4 21. Qf1 c5 22. Nd2 Bxc2 23. Re1 Ne6 24. Ne4 Bd3 25. Nd6 Rxd6 26. exd6 Bxf1 27. dxe7 Bxc4 28. e8=Q Nxf4 29. Qe3 Qd4 30. Qf3 Bd5 31. Qg4 Bxg2 32. Re8 Nxh3+ 0-1